|
|
|
|
| LEADER |
00000nam0a2200000 4500 |
| 001 |
145837 |
| 005 |
20231031144239.0 |
| 035 |
|
|
|a (RuTPU)RU\TPU\book\158078
|
| 090 |
|
|
|a 145837
|
| 100 |
|
|
|a 20081023d1976 m y0rusy50 ca
|
| 101 |
0 |
|
|a rus
|
| 102 |
|
|
|a RU
|
| 105 |
|
|
|a a z 001zy
|
| 200 |
1 |
|
|a Динамика синхронного привода поршневых компрессорных установок
|f Д. П. Петелин
|
| 210 |
|
|
|a Москва
|c Машиностроение
|d 1976
|
| 215 |
|
|
|a 155 с.
|c ил.
|
| 320 |
|
|
|a Библиогр.: с. 155-157.
|
| 610 |
1 |
|
|a динамика
|
| 610 |
1 |
|
|a синхронные приводы
|
| 610 |
1 |
|
|a поршневые компрессоры
|
| 610 |
1 |
|
|a компрессорные установки
|
| 610 |
1 |
|
|a электроприводы
|
| 610 |
1 |
|
|a автоматическое управление
|
| 675 |
|
|
|a 621.512-83-52
|v 3
|
| 700 |
|
1 |
|a Петелин
|b Д. П.
|g Динэр Прокофьевич
|
| 801 |
|
1 |
|a RU
|b 63413507
|c 20081023
|g PSBO
|
| 801 |
|
2 |
|a RU
|b 63413507
|c 20101124
|g PSBO
|
| 942 |
|
|
|c BK
|